Cruce de vía

محفوظ في:
التفاصيل البيبلوغرافية
المؤلف الرئيسي: Azofeifa, Isaac Felipe
التنسيق: كتاب
اللغة:Undetermined
منشور في: San José, Costa Rica Editorial Costa Rica 1982
الموضوعات:
الوسوم: إضافة وسم
لا توجد وسوم, كن أول من يضع وسما على هذه التسجيلة!

MARC

LEADER 00000nam a2200000Ia 4500
008 170316s9999 xx 000 0 und d
040 |a cru BVZT 
090 |a 868 A-21cr 
100 |a Azofeifa, Isaac Felipe  |9 353 
245 |a Cruce de vía  |c / Isaac Felipe Azofeifa 
260 |a San José, Costa Rica  |b Editorial Costa Rica  |c 1982 
300 |a 160 páginas 
650 |a LITERATURA COSTARRICENSE  |9 17 
999 |c 10689  |d 10689 
942 |c 15 D  |h 868 A-21cr  |2 z